| 000 | 00395 a2200121 4500 | ||
|---|---|---|---|
| 001 | ART_11835 | ||
| 005 | 20260410161901.0 | ||
| 008 | 260409a | ||
| 245 | 1 | 0 | _aInterdependent welfare functions and optimal income distribution |
| 100 | 1 | _aKapteyn, Arie | |
| 700 | 1 | _avan Herwaarden, Floor G. | |
| 773 | 0 |
_tJournal of public economics _g- Vol. 14, NÂș 3 (dic. 1980) _wREV11485 |
|
| 999 |
_c25881 _d25881 |
||